LEADER 02143oam 2200637 450 001 9910698608403321 005 20150924091831.0 035 $a(CKB)5470000002436565 035 $a(OCoLC)785903174 035 $a(EXLCZ)995470000002436565 100 $a20120417d1911 ua 0 101 0 $aeng 135 $aurbn||||||||| 181 $ctxt$2rdacontent 182 $cc$2rdamedia 183 $acr$2rdacarrier 200 10$aEconomic geology of Richmond, Virginia, and vicinity /$fby N.H. Darton 210 1$aWashington, D.C. :$cDepartment of the Interior, United States Geological Survey,$d1911. 210 2$aWashington :$cGovernment Printing Office. 215 $a1 online resource (48 pages, X pages of plates) $cillustrations, map 225 1 $aBulletin / Department of the Interior, United States Geological Survey ;$v483 300 $aTitle from title screen (viewed Sept. 24, 2015). 320 $aIncludes bibliographical references and index. 606 $aGeology$zVirginia 606 $aGeology, Economic$zVirginia 606 $aFormations (Geology)$zVirginia 606 $aGroups (Stratigraphy)$zVirginia 606 $aStratigraphic correlation$zVirginia 606 $aFormations (Geology)$2fast 606 $aGeology$2fast 606 $aGeology, Economic$2fast 606 $aGroups (Stratigraphy)$2fast 606 $aStratigraphic correlation$2fast 607 $aVirginia$2fast 615 0$aGeology 615 0$aGeology, Economic 615 0$aFormations (Geology) 615 0$aGroups (Stratigraphy) 615 0$aStratigraphic correlation 615 7$aFormations (Geology) 615 7$aGeology. 615 7$aGeology, Economic. 615 7$aGroups (Stratigraphy) 615 7$aStratigraphic correlation. 700 $aDarton$b Nelson Horatio$f1865-1948,$01387618 712 02$aGeological Survey (U.S.), 801 0$bCOD 801 1$bCOD 801 2$bOCLCQ 801 2$bOCLCF 801 2$bOCLCA 801 2$bGPO 906 $aBOOK 912 $a9910698608403321 996 $aEconomic geology of Richmond, Virginia, and vicinity$93525368 997 $aUNINA LEADER 01918nas 2200649-a 450 001 996321403103316 005 20240413023108.0 011 $a1993-6842 035 $a(DE-599)ZDB2603856-0 035 $a(CKB)110978979115597 035 $a(CONSER)---90646039- 035 $a(EXLCZ)99110978979115597 100 $a19850319a19859999 --o c 101 0 $arus 181 $ctxt$2rdacontent 182 $cc$2rdamedia 183 $acr$2rdacarrier 200 00$aBiopolimery i kletka 210 $aKiev $cNaukova dumka$d1985- 215 $a1 online resource 300 $aRefereed/Peer-reviewed 300 $a"Nauchno-teoreticheski? zhurnal." 311 08$aPrint version: Biopolimery i kletka. 0233-7657 (DLC) 90646039 (OCoLC)11822299 517 1 $aBiopolymers and cell 531 0 $aBiopolim. kletka 606 $aBiopolymers$vPeriodicals 606 $aCytology$vPeriodicals 606 $aGenomes$vPeriodicals 606 $aBiopolymers 606 $aCell Biology 606 $aGenome 606 $aBiopolymers$vPeriodicals 606 $aCytology$vPeriodicals 606 $aGenomes$vPeriodicals 606 $aBiopolymers$2fast$3(OCoLC)fst00832670 606 $aCytology$2fast$3(OCoLC)fst00886282 606 $aGenomes$2fast$3(OCoLC)fst00940225 608 $aPeriodicals. 608 $aPeriodicals.$2fast 615 0$aBiopolymers 615 0$aCytology 615 0$aGenomes 615 02$aBiopolymers. 615 02$aCell Biology. 615 02$aGenome. 615 3$aBiopolymers 615 3$aCytology 615 3$aGenomes 615 7$aBiopolymers. 615 7$aCytology. 615 7$aGenomes. 712 02$aAkademii?a nauk Ukraïns?koï RSR.$bOtdelenie biokhimii, fiziologii i teoretichesko? medit?siny. 906 $aJOURNAL 912 $a996321403103316 920 $aexl_impl conversion 996 $aBiopolimery i kletka$91926906 997 $aUNISA